Macroeconomics / (Record no. 211024)

MARC details
000 -LEADER
fixed length control field 02708nam a2200289Ia 4500
003 - CONTROL NUMBER IDENTIFIER
control field OSt
005 - DATE AND TIME OF LATEST TRANSACTION
control field 20250412143823.0
008 - FIXED-LENGTH DATA ELEMENTS--GENERAL INFORMATION
fixed length control field 210716s2003 xx 000 0 und d
020 ## - INTERNATIONAL STANDARD BOOK NUMBER
International Standard Book Number 9789353162597
040 ## - CATALOGING SOURCE
Transcribing agency AIMIT LIBRARY
041 ## - LANGUAGE CODE
Language code of text/sound track or separate title eng
082 ## - DEWEY DECIMAL CLASSIFICATION NUMBER
Classification number 339
Edition number 12
Item number DORR
100 ## - MAIN ENTRY--PERSONAL NAME
Personal name Dornbusch, Rudiger.
9 (RLIN) 127679
245 ## - TITLE STATEMENT
Title Macroeconomics /
Statement of responsibility, etc. Rudiger Dornbusch ,Stanley Fischer and Richard Startz.
250 ## - EDITION STATEMENT
Edition statement 12th ed.
260 ## - PUBLICATION, DISTRIBUTION, ETC.
Place of publication, distribution, etc. New Delhi :
Name of publisher, distributor, etc. Tata McGraw Hill Publishing Company ,
Date of publication, distribution, etc. 2003.
300 ## - PHYSICAL DESCRIPTION
Extent xix,652p. ;
Other physical details PB
Dimensions 23.7 cm
500 ## - GENERAL NOTE
General note Dornbusch, Fischer, and Startz has been a long-standing, leading intermediate macroeconomic theory text since its introduction in 1978. This revision retains most of the text's traditional features, including a middle-of-the-road approach and very current research, while updating and simplifying the exposition. A balanced approach explains both the potential and limitations of economic policy. Macroeconomics employs a model-based approach to macroeconomic analysis and demonstrates how various models are connected with the goal of giving students the capacity to analyze current economic issues in the context of an economic frame of reference. The only pre-requisite continues to be principles of economics.
505 ## - FORMATTED CONTENTS NOTE
Formatted contents note Part 1 - Introduction and National Income Accounting<br/>Chapter 1 - Introduction<br/>Chapter 2 - National Income Accounting<br/>Part 2 - Growth, Aggregate Supply and Demand, and Policy<br/>Chapter 3 - Growth and Accumulation<br/>Chapter 4 - Growth and Policy<br/>Chapter 5 - Aggregate Supply and Demand<br/>Chapter 6 - Aggregate Supply and the Phillips Curve<br/>Chapter 7 - Unemployment<br/>Chapter 8 - Inflation<br/>Chapter 9 - Policy Preview<br/>Part 3 - First Models<br/>Chapter 10 - Income and Spending<br/>Chapter 11 - Money, Interest, and Income<br/>Chapter 12 - Monetary and Fiscal Policy<br/>Chapter 13 - International Linkages<br/>Part 4 - Behavioral Foundations<br/>Chapter 14 - Consumption and Saving<br/>Chapter 15 - Investment Spending<br/>Chapter 16 - The Demand for Money<br/>Chapter 17 - The Fed, Money, and Credit<br/>Chapter 18 - Policy<br/>Chapter 19 - Financial Markets and Asset Prices<br/>Chapter 20 - The National Debt<br/>Part 5 - Big Events, International Adjustments, and Advanced Topics<br/>Chapter 21 - Recession and Depression<br/>Chapter 22 - Inflation and Hyperinflation<br/>Chapter 23 - International Adjustment and Interdependence<br/>Chapter 24 - Advanced Topics
650 ## - SUBJECT ADDED ENTRY--TOPICAL TERM
Topical term or geographic name entry element Economics
9 (RLIN) 127680
651 ## - SUBJECT ADDED ENTRY--GEOGRAPHIC NAME
Geographic name National income accounting
9 (RLIN) 127681
651 ## - SUBJECT ADDED ENTRY--GEOGRAPHIC NAME
Geographic name Growth and accumulation
9 (RLIN) 127682
651 ## - SUBJECT ADDED ENTRY--GEOGRAPHIC NAME
Geographic name Aggregate supply and demand
9 (RLIN) 127683
700 ## - ADDED ENTRY--PERSONAL NAME
Personal name Fischer, Stanley.
9 (RLIN) 127684
700 ## - ADDED ENTRY--PERSONAL NAME
Personal name Startz, Richard.
9 (RLIN) 127685
942 ## - ADDED ENTRY ELEMENTS (KOHA)
Source of classification or shelving scheme Dewey Decimal Classification
Koha item type Book
Edition 12th
Call number prefix 339 DORR
Holdings
Withdrawn status Lost status Source of classification or shelving scheme Damaged status Not for loan Collection code Home library Current library Date acquired Cost, normal purchase price Inventory number Total Checkouts Full call number Barcode Date last seen Cost, replacement price Price effective from Koha item type Shelving location Source of acquisition
    Dewey Decimal Classification     MBA St Aloysius Institute of Management & Information Technology St Aloysius Institute of Management & Information Technology 03/12/2019 795.00 Bill no:5381; Bill dt:2019-03-11   339 DORR MBA13592 05/23/2026 636.00 07/16/2021 Book    
    Dewey Decimal Classification     MBA St Aloysius Institute of Management & Information Technology St Aloysius Institute of Management & Information Technology 03/11/2025 975.00 Bill no:7466; Bill dt:2025/3/11   339 DORR MBA14920 05/23/2026 760.50 04/12/2025 Book Economics Biblios Book Point
    Dewey Decimal Classification     MBA St Aloysius Institute of Management & Information Technology St Aloysius Institute of Management & Information Technology 03/11/2025 975.00 Bill no:7466; Bill dt:2025/3/11   339 DORR MBA14921 05/23/2026 760.50 04/12/2025 Book   Biblios Book Point